Toán rời rạc
Đã lưu trong:
| Hovedforfatter: | |
|---|---|
| Andre forfattere: | |
| Format: | Bog |
| Sprog: | Undetermined |
| Udgivet: |
H.
ĐHSP
2006
|
| Fag: | |
| Online adgang: | http://lrc.tdmu.edu.vn/opac/search/detail.asp?aID=2&ID=5749 |
| Tags: |
Tilføj Tag
Ingen Tags, Vær først til at tagge denne postø!
|
| Thư viện lưu trữ: | Trung tâm Học liệu Trường Đại học Thủ Dầu Một |
|---|
| LEADER | 00604nam a2200205Ia 4500 | ||
|---|---|---|---|
| 001 | TDMU_5749 | ||
| 008 | 210410s9999 xx 000 0 und d | ||
| 082 | |a 004.01 | ||
| 090 | |b PH104 | ||
| 100 | |a Phạm, Thế Long | ||
| 245 | 0 | |a Toán rời rạc | |
| 245 | 0 | |c Phạm Thế Long | |
| 260 | |a H. | ||
| 260 | |b ĐHSP | ||
| 260 | |c 2006 | ||
| 300 | |a 276tr. | ||
| 650 | |a Toán rời rạc; Toán tin | ||
| 700 | |a Nguyễn, Thiện Luận | ||
| 856 | |u http://lrc.tdmu.edu.vn/opac/search/detail.asp?aID=2&ID=5749 | ||
| 980 | |a Trung tâm Học liệu Trường Đại học Thủ Dầu Một | ||